000 01041nam a2200301 i 4500
001 189356
003 SpMaBN
005 20260525062939.0
008 190524s1947 ag |||| | spa d
080 _a821.111-34"18"
100 1 _aDickens, Charles.
_944489
245 1 0 _aCuentos de Boz /
_cCarlos Dickens ; [traducción y prólogo de Rosendo Llatas].
250 _a1ª ed. popular para la Colección austral.
260 _aBuenos Aires :
_bEspasa-Calpe,
_c1947.
300 _a148 p. ;
_c18 cm.
490 1 _aColección austral ;
_v772
505 8 _aContiene: El duelo ; Mrs. Tuggs y su familia en Ramsgate ; La muerte del borracho ; Sentimental ; El velo negro
594 _aBoz: seud. de Charles Dickens
700 1 _aLlatas, Rosendo.
_9174108
740 3 2 _aEl duelo.
740 0 2 _aMrs. Tuggs y su familia en Ramsgate.
740 3 2 _aLa muerte del borracho ;.
740 0 2 _aSentimental.
740 3 2 _aEl velo negro.
830 1 _aColección austral
_v772
_9177655
852 4 _aES-MaACL
_jL-32355
999 _c189356
_d189356